[Event "Gorges op 22th"]
[Site "Gorges"]
[Date "2012.07.09"]
[Round "2"]
[White "Delorme, Sonia"]
[Black "Roblin, Alain"]
[Result "1-0"]
[WhiteElo "1575"]
[BlackElo "1407"]
[PlyCount "77"]
[EventDate "2012.07.08"]
[EventType "swiss"]
[EventRounds "7"]
[EventCountry "FRA"]
[SourceTitle "CBM 149 Extra"]
[Source "ChessBase"]
[SourceDate "2012.08.24"]
[SourceVersion "1"]
[SourceVersionDate "2012.08.24"]
[SourceQuality "1"]

1. e4 e5 2. Nf3 Nc6 3. Bb5 Qe7 4. 0-0 a6 5. Ba4 Nf6 6. Re1 d6 7. h3 Bd7 8. d3 h6 9. Nc3 0-0-0 10. Be3 g5 11. Nh2 Qe8 12. Rb1 Be7 13. b4 Nd4 14. Bxd7+ Qxd7 15. a4 Ne6 16. Qd2 Rdg8 17. a5 Nf4 18. Bxf4 gxf4 19. Kh1 Nh5 20. b5 axb5 21. Nxb5 Bg5 22. Nf3 Nf6 23. c3 Kd8 24. d4 Qe6 25. dxe5 Nd7 26. exd6 c6 27. Nc7 Qc4 28. h4 Bf6 29. e5 Be7 30. e6 Nc5 31. exf7 Qxf7 32. Rxe7 Qg6 33. Rg1 Ne4 34. Ne6+ Kc8 35. Qd4 Kb8 36. Ne5 Ng3+ 37. fxg3 Qxg3 38. Nxc6+ bxc6 39. Qb6+ 1-0